00653nam a2200193Ia 4500003000900000008004100009020002200050040001600072080001600088100001900104245010400123260004200227300001600269490005900285650003400344650004300378650002000421700001800441IN-BaIIA211028s9999 xx 000 0 eng d a978-0-19-922747-1 cIIA Library a551.51bVAR aVardavas, I. M 0aRadiation and climatecI. M. Vardavas and F. W.Taylor  aOxfordbOxford University Pressc2007 axvii, 492p. aInternational series of monographs on physics; no. 138 aGreenhouse effect-atmospheric aInfrared radiation-atmospheric effects aSolar radiation aTaylor, F. W.